| 000 | 00492nam a2200205Ia 4500 | ||
|---|---|---|---|
| 008 | 170918s9999 xx 000 0 und d | ||
| 020 | _a9780545036962 | ||
| 050 | _bM169 2003 | ||
| 100 | _aMcNeese, Tim | ||
| 245 | 4 | _aThe challenger disaster / | |
| 245 | _cTim McNeese. | ||
| 260 | _aNew York : | ||
| 260 | _bScholastic, | ||
| 260 | _c2003 | ||
| 300 | _a48 pages : | ||
| 300 | _bcolored illustration ; | ||
| 300 | _c24cm. | ||
| 440 | _aCornerstones of freedom. | ||
| 500 | _a1170 | ||
| 999 |
_c342399 _d342399 |
||